000 01474 a2200229 4500
001 48111
005 20260407155747.0
008 260407a2005 arg spa d
003 AR-UNSa-BCEJYS
040 _aAR-UNSa-BCEJYS
_bspa
_cAR-UNSa-BCEJYS
080 _a510
_xConsideraciones fundamentales y generales de las matemáticas
245 1 0 _aMatemáticas para las ciencias aplicadas
020 _a978-84-291-5159-6
264 1 _aBarcelona :
_bReverté
_c2005
300 _axii, 610 p.
_c24 cm.
505 _a1. Números, variables y álgebra - 2.Funciones algebraicas - 3. Funciones trascendentes - 4. Derivación - 5. Integración - 6. Métodos de integración - 7. Sucesiones y series - 8. Números complejos - 9. Funciones de variables - 10. Funciones en tres dimensiones - 11. Ecuaciones diferenciales de primer orden - 12. Ecuaciones diferenciales de segundo orden. Coeficientes constantes - 13. Ecuaciones diferenciales de segundo orden. Algunas funciones especiales - 14. Ecuaciones de derivadas parciales - 15. Desarrollos ortogonales. Análisis de Fourier - 16. Vectores - 17. Determinantes - 18. Matrices y transformaciones lineales - 19. El problema de autovalores matriciales - 20. Métodos numéricos - 21. Probabilidad y estadística.
041 _aspa
942 _cBK
590 _aniveau_biblio:m niveau_hierar:0
100 1 _aSteiner, Erich
856 4 1 _uhttps://www.biblioeco.unsa.edu.ar/pmb/images/libros/L127854.jpg
_yImagen de portada
_qimage/jpeg
999 _c4550
_d4550